8 jours á l'Exposition Coloniale de Marseille / (Record no. 114642)

MARC details
000 -LEADER
campo de control de longitud fija 00544nam a2200169 i 4500
001 - NÚMERO DE CONTROL
campo de control 114642
003 - IDENTIFICADOR DE NÚMERO DE CONTROL
campo de control ES-MaACL
005 - FECHA Y HORA DE LA ÚLTIMA TRANSACCIÓN
campo de control 20230906190218.0
007 - CAMPO FIJO DE DESCRIPCIÓN FÍSICA--INFORMACIÓN GENERAL
campo de control de longitud fija t|
008 - DATOS DE LONGITUD FIJA--INFORMACIÓN GENERAL
campo de control de longitud fija 070316s1922 fr ||||1| fre d
100 1# - ENTRADA PRINCIPAL--NOMBRE DE PERSONA
Nombre de persona Régismanset, Charles.
9 (RLIN) 95896
245 10 - MENCIÓN DEL TÍTULO
Título 8 jours á l'Exposition Coloniale de Marseille /
Mención de responsabilidad, etc. Charles Régismanset ; couverture et illustrations de Claude-René Martin.
260 ## - PUBLICACIÓN, DISTRIBUCIÓN, ETC.
Lugar de publicación, distribución, etc. Paris :
Nombre del editor, distribuidor, etc. G. Crés & Cie,
Fecha de publicación, distribución, etc. 1922.
300 ## - DESCRIPCIÓN FÍSICA
Extensión 150 p. :
Otras características físicas il.
700 1# - ENTRADA AGREGADA--NOMBRE PERSONAL
Nombre de persona Martin, Claude-René.
9 (RLIN) 77278
852 ## - LOCALIZACIÓN
Ubicación ES-MaACL
Número de control de estantería 1637-F-11
Holdings
Estatus retirado Estado de pérdida Estado de daño No para préstamo Colección Biblioteca de origen Biblioteca actual Ubicación en estantería Fecha de adquisición Fuente de adquisición Total de préstamos Signatura topográfica completa Código de barras Visto por última vez Precio de reemplazo Tipo de ítem Koha
        Colección de folletos Biblioteca del Ateneo de Madrid Biblioteca del Ateneo de Madrid Depósito folletos 17/01/2008     1637-F-11 1119553 23/02/2023 23/02/2023 Folleto